000 00329nam a22001217a 4500
008 240806b |||||||| |||| 00| 0 eng d
082 _a158.3 ITTF
100 _aITTF
245 _aITTF-IPTTC, Level Coaching Manual
260 _aUSA
_bNewgy Industries
300 _a110p.
_c16cm.
942 _2ddc
_h158.3 ITTF
_6158_300000000000000_ITTF
999 _c9945
_d9946